000 00538nam a22001817a 4500
005 20160621113705.0
010 _aENG-115173
020 _a9789385755125
_c250.00
035 _aEN-98705
037 _bDBAD/PUB
082 _aS
100 _aPerrin, Alice
245 _aEast of Suez :
_cby Alice Perrin
_bstories of love, betrayal & hauntings from the raj /
260 _aNew Delhi
_bSpeaking Tiger
_c2016
270 _a4381/4,Ansari Road, Daryaganj,
_bNew Delhi
_e110002
300 _ax,198p.
_c21cm(pbk)
942 _2ddc
_cEN
_mPER
_hS
999 _c100108
_d100108